| 000 | 01779nam a2200325 i 4500 | ||
|---|---|---|---|
| 003 | EG-GICUC | ||
| 005 | 20260416132941.0 | ||
| 008 | 260306s1989 ua ||||fr|||| 00| 0 ara d | ||
| 040 |
_a EG-GICUC _bara _c EG-GICUC _d EG-GICUC _erda |
||
| 041 | _aara | ||
| 082 | 0 | 4 |
_221 _a343.303 _bع ب . م |
| 092 | 0 | 4 | _221 |
| 099 | _aLaw1 10 343.3 ع ب . م 1989 | ||
| 100 | 0 |
_aعبد الرحيم صدقى _eمؤلف. |
|
| 245 |
_aموسوعة صدقى فى القانون الجنائى : _bالقانون الجنائى والإجراءات الجنائية. _cتأليف دكتور عبد الرحيم صدقى. _nالمجلد الرابع، _nالجزء الأول، _pجمع الاستدلالات والتحقيق- المحاكمة- طرق الطعن فى الأحكام / |
||
| 264 | 3 |
_aمصر : _bدار الطباعة للجامعات، _c1989. |
|
| 300 |
_aمجلد ; _c24 سم. |
||
| 336 |
_2rda content _atext |
||
| 337 |
_2rda media _aComputer |
||
| 338 |
_2rda carrier _aOnline Resource |
||
| 490 |
_aموسوعة صدقى فى القانون الجنائى ; _vالمجلد الرابع |
||
| 504 | _aيشتمل على إرجاعات ببليوجرافية. | ||
| 505 | _aمج. 4،يشتمل القانون الجنائى والإجراءات الجنائية ، الجزء الأول فى دراسات الإجراءات الجنائية العامة ، جمع الاستدلالات والتحقيق- المحاكمة- طرق الطعن فى الأحكام. | ||
| 546 | _aالنص باللغة العربية | ||
| 650 | 1 | _aالقانون الجنائي | |
| 650 | 1 |
_a قانون الإجراءات الجنائية _xموسوعات / معاجم |
|
| 856 | 4 | 0 | _uhttps://fll.law.cu.edu.eg/fulltext/bks/B10-08449.pdf |
| 905 |
_a43 _eYara |
||
| 942 |
_2ddc _n0 _cBK _e21 |
||
| 999 |
_c65225 _d65225 |
||